|
|
|
|
| LEADER |
00804nam a2200181 a 4500 |
| 008 |
100601s2009 bg b 000 0 eng d |
| 020 |
|
|
|a 9847029800010
|
| 040 |
|
|
|a BD-DhAAL
|c BD-DhAAL
|d BD-DhAAL
|
| 082 |
0 |
0 |
|a 070/.92/2
|2 22
|
| 100 |
1 |
0 |
|a মুসা, মাহমুদ.
|
| 245 |
1 |
0 |
|a শফিকপুরের গুপ্তধন /
|c মাহমুদ মুসা.
|
| 260 |
|
|
|a ঢাকা :
|b ওয়ার্ল্ড নিউজ এজেন্সি,
|c ২০০৯
|
| 300 |
|
|
|a ৪৮ পৃ. ;
|c ২৩ সে.মি.
|
| 541 |
1 |
|
|e 00020101
|
| 650 |
|
0 |
|a Feature Stories
|
| 852 |
4 |
|
|a Ayesha Abed Library
|j General shelf
|
| 999 |
|
|
|c 8792
|d 8792
|
| 952 |
|
|
|0 0
|1 0
|2 ddc
|4 0
|6 070_000000000000000__92_2_MUS_2009
|7 0
|9 10657
|a BRACUL
|b BRACUL
|c GEN
|d 2010-06-03
|l 0
|o 070.922 MUS
|p 3010020101
|r 2010-06-03
|t 1
|w 2010-06-03
|y BK
|